000
00201nam a22000857a 4500
008
170213b xxu||||| |||| 00| 0 eng d
100
_9
2866
_a
Dornacher.K.
245
_a
Give Thanks
260
_a
USA
_b
T.N.
_c
1798
999
_c
6085
_d
6085